Clickipedia: Villains! Quiz Stats

 Plays Quiz Updated Jan 14, 2019

Support Sporcle.
Go Orange.
Score 0/30 Timer 06:00
2 Plays Today
% Correct
Wicked Witch of the West
89%
Cruella de Vil
87.5%
Captain Hook
82.7%
Wile E. Coyote
82.1%
Draco Malfoy
81.4%
Yosemite Sam
80.7%
Sheriff of Nottingham
80.3%
HAL 9000
79.8%
Hannibal Lecter
79.4%
Long John Silver
76%
Professor Moriarty
73.6%
Evil Emperor Zurg
71.3%
Bluto
69.2%
Skeletor
67.1%
Annie Wilkes
65.9%
% Correct
Dr. Claw
65%
Gordon Gekko
62.5%
Stromboli
60.5%
Syndrome
60.4%
Bill Sikes
52.1%
Count Olaf
50.9%
Dick Dastardly
50.5%
Snidely Whiplash
47.9%
Edmund
45.9%
Boris Badenov
44.1%
Max Cady
43.5%
Captain Gantu
42.4%
Frank Booth
42.1%
Yellow Pinkie
35.4%
Siegfried
29%

From the Vault

Just 3 Words: Colors

by karenmcginty33

To properly describe a rainbow takes at least 7 color words.
Remove Ads.
Support Sporcle.
Get the best of Sporcle when you Go Orange. This ad-free experience offers more features, more stats, and more fun while also helping to support Sporcle. Thank you for becoming a member.

Show Comments

Extras

Top Quizzes Today


Score Distribution

Your Account Isn't Verified!

In order to create a playlist on Sporcle, you need to verify the email address you used during registration. Go to your Sporcle Settings to finish the process.

Report this User

Report this user for behavior that violates our Community Guidelines.

Details: